000 00489nam a2200181Ia 4500
008 230711s9999||||xx |||||||||||||| ||und||
020 _a978-0-07-070221-9
041 _aENG
082 _a621.3822
_bRO-S
100 _aRoberts,Michael J
245 0 _aFundamentals of signals and systems
250 _a2nd Ed.
260 _c2012
_aNew Delhi
_bMcGraw Hill Education(India) Private Limited
300 _a766p.
650 _aElectrical Engineering
700 _aSharma,Govind
942 _cBK
999 _c6245
_d6245